Thinking about the lease on your business premises? (Record no. 104287)

MARC details
000 -LEADER
fixed length control field 01015cam a2200181 4500
001 - CONTROL NUMBER
control field L129826
008 - FIXED-LENGTH DATA ELEMENTS--GENERAL INFORMATION
fixed length control field 050526n2005 000 0 eng u
035 ## - SYSTEM CONTROL NUMBER
System control number (Sirsi) u129826
041 ## - LANGUAGE CODE
Language code of text/sound track or separate title eng
110 ## - MAIN ENTRY--CORPORATE NAME
Corporate name or jurisdiction name as entry element Royal Institution of Chartered Surveyors
9 (RLIN) 4900
245 ## - TITLE STATEMENT
Title Thinking about the lease on your business premises?
260 ## - PUBLICATION, DISTRIBUTION, ETC.
Place of publication, distribution, etc. London
Name of publisher, distributor, etc. RICS
Date of publication, distribution, etc. 2005
300 ## - PHYSICAL DESCRIPTION
Extent 1 folded leaflet
Dimensions 21cm.
520 ## - SUMMARY, ETC.
Summary, etc. Describes how a chartered surveyor can help in the renewal of a lease on business property or when a new lease is about to be taken on. Answers questions on lease renewal and on the landlord's right to move the tenant out. Refers to the RICS Dispute Resolution Service for assistance with resolving landlord and tenant disputes. Suggests that customers should talk to an RICS member who is a specialist in business property. Contact details.
590 ## - LOCAL NOTE (RLIN)
Local note IKA210605
690 ## - LOCAL SUBJECT ADDED ENTRY--TOPICAL TERM (OCLC, RLIN)
Topical term or geographic name as entry element PROPERTY-COMMERCIAL PROPERTY-LEASEHOLD COMMERCIAL PROPERTY-COMMERCIAL LANDLORD AND TENANT-BUSINESS TENANCIES
942 ## - ADDED ENTRY ELEMENTS (KOHA)
Suppress in OPAC 0
Holdings
Withdrawn status Lost status Source of classification or shelving scheme Damaged status Not for loan Home library Current library Shelving location Date acquired Total Checkouts Full call number Barcode Date last seen Copy number Price effective from Koha item type
    Dewey Decimal Classification     London London RICS Boxes 26/05/2005   RICS 2005/13 30070838 06/08/2019 1 06/08/2019 Archive
    Dewey Decimal Classification     London London RICS Boxes 26/05/2005   RICS 2005/13 30070839 06/08/2019 2 06/08/2019 Reference material
    Dewey Decimal Classification     London London RICS Boxes 26/05/2005   RICS 2005/13 30070840 06/08/2019 3 06/08/2019 Book